{"text_format":"3","workbook":"xlsx","n_sheets":1,"sheets":["Sheet1"],"read":"whole","date_system":"1900"}

{"sheet":"Sheet1","index":0,"n_rows":46,"n_cols":7,"rows_kept":46,"merged":[[0,0,0,6],[43,0,43,5],[45,0,45,6]]}
["2024-2025动物工程系第一学期第二批次耗材采购清单"]
["序号","耗材品名","型号规格","单位","数量","单价（元）","单项控制价（元）"]
[1,"量筒","10ml","个",20,{"$f":"G3/E3","v":7},140]
[2,"量筒","50ml","个",20,8,160]
[3,"试管","20*200mm","个",50,2,100]
[4,"烧杯","50ml","个",50,3,150]
[5,"烧杯","500ml","个",16,6,96]
[6,"移液管","1ml","个",10,10,100]
[7,"移液管","2ml","个",10,12,120]
[8,"移液管","5ml","个",10,14,140]
[9,"移液管","10ml","个",20,16,320]
[10,"移液管","15ml","个",10,18,180]
[11,"吸量管","10ml","个",20,16,320]
[12,"长嘴弯头挤压式洗瓶","500ml","只",20,10,200]
[13,"胶头滴管","15cm","个",20,2,40]
[14,"容量瓶","50ml","个",50,15,750]
[15,"洗耳球","30ml","个",10,10,100]
[16,"镊子","15-20cm","个",2,15,30]
[17,"棕色广口瓶","125ml","个",20,8,160]
[18,"漏斗","75ml","个",10,18,180]
[19,"白大褂","XXL码","件",15,30,{"$f":"F21*E21","v":450}]
[20,"全麻药（舒泰50）","常规","套",5,180,{"$f":"E22*F22","v":900}]
[21,"5%葡萄糖注射液","100ml","瓶",20,5,100]
[22,"75%酒精","500毫升/瓶2","瓶",100,10,1000]
[23,"氯化钾注射液","10毫升/支","盒",3,10,30]
[24,"速眠新","2毫升/支","盒",6,50,300]
[25,"头孢","常规","支",20,5,100]
[26,"犬五联疫苗","1毫升","头份",1,50,50]
[27,"犬八联疫苗","1毫升","头份",1,50,50]
[28,"妙三多疫苗","1毫升","头份",1,50,50]
[29,"英特威疫苗犬二联苗","1毫升","头份",1,50,50]
[30,"狂犬疫苗","1毫升","头份",1,50,50]
[31,"狗粮","1.5kg","袋",10,40,400]
[32,"鸡饲料","40kg（颗粒料，正大中鸡宝）","袋",5,180,{"$f":"F34*E34","v":900}]
[33,"羊饲料","40kg（颗粒料）","袋",2,180,{"$f":"F35*E35","v":360}]
[34,"低筋面粉-金龙鱼","500g","袋",2,10,{"$f":"E36*F36","v":20}]
[35,"来苏儿","500ml/瓶","瓶",20,20,400]
[36,"假阴道配件","常规","套",5,100,500]
[37,"精液","常规","瓶",5,20,100]
[38,"氯化钠","500克/瓶","瓶",5,10,50]
[39,"脱脂奶粉","1000g","袋",3,50,150]
[40,"玉米油-金龙鱼","900ml","瓶",2,50,100]
[41,"碘","分析纯","g",1,{"$f":"G43/E43","v":60},60]
["总控制价：",{"$nulls":5},{"$f":"SUM(G3:G43)","v":9456}]
[]
["注：1.此表单价为参考价格，报价不得超过控制价；2.可将此表修改为报价单，但其中序号、型号规格、耗材品名、单位、数量不得修改。"]